| 000 | 00645nam a2200253 i 4500 | ||
|---|---|---|---|
| 999 |
_c8900 _d8900 |
||
| 001 | 8900 | ||
| 003 | MCM | ||
| 005 | 20181016134016.0 | ||
| 008 | 780831s2000 nyua b 001 0 eng | ||
| 020 | _a8185842922 | ||
| 035 | _a(BD-JCCh)-8900 | ||
| 040 |
_aDLC _cDLC _dm.c. _dMYG |
||
| 041 | _aeng | ||
| 082 |
_a532.05 _bSWA 2000 |
||
| 090 |
_aQC21 _b.H188 1966 |
||
| 099 | _aQC21.H188 1966 | ||
| 100 | 1 | _aSwarup, Shanti | |
| 245 | 1 | 0 |
_aFluid Dynamic / _bShanti Swarup |
| 260 |
_aNew York : _bWiley, _c2000. |
||
| 300 |
_a712 p. : _c22 cm. |
||
| 650 | 0 | _aFluid dynamic | |
| 942 |
_2ddc _cBK _01 |
||